| 000 | 01337cam a22002294a 4500 | ||
|---|---|---|---|
| 005 | 20250605164015.0 | ||
| 008 | 250528s ||||||||||||||||||||||||d | ||
| 035 | _a16111 | ||
| 020 | _a9602863382 | ||
| 040 |
_aGR-AtMCL _bgre _dGR-AtMCL _eAACR2 |
||
| 245 | 1 | _aΔημόσιες Σχέσεις / Στρατηγικές & Τεχνικές Τέταρτη Έκδοση | |
| 250 | _a4η | ||
| 260 |
_bΊων, _c1998 |
||
| 300 | _a824 | ||
| 520 | _aΤι είναι οι Δημόσιες Σχέσεις, Είδη των Δημοσίων Σχέσεων, Η Εξέλιξη των Δημοσίων Σχέσεων, Τμήματα και Εταιρίες Δημοσίων Σχέσεων, Ηθική και Εαγγελματισμός, Έρευνα, Οργάνωση της Στρατηγικής, Επικοινωνία, Αξιολόγηση, Κοινή Γνώμη και Πειθώ, Εταιρίες, Διεθνείς Δημόσιες Σχέσεις, Οργανώσεις Μελών, Εκπαίδευση, Ψυχαγωγία και Αθλήματα και Παιχνίδια, Γραπτές Τακτικές, Τακτικές Ομιλίας, Οπτικές Τακτικές. | ||
| 700 | 1 |
_aAgee Warren K. _92149 |
|
| 700 | 1 |
_aAult Phillip H. _92150 |
|
| 700 | 1 |
_aWilcox Dennis L _92151 |
|
| 942 | _cBK | ||
| 999 |
_c1648 _d1648 |
||